| 000 | 00629nam a2200217 i 4500 | ||
|---|---|---|---|
| 003 | OSt | ||
| 005 | 20151015100855.0 | ||
| 008 | 900213r1980 sp | ||| ||spa | ||
| 020 | _a84-96246-08-6 | ||
| 040 | _cBMC | ||
| 082 | _a823 | ||
| 100 | 1 |
_9251 _aStevenson, Robert Louis _d1850-1894 |
|
| 245 | 1 | 3 |
_aLa isla del tesoro _cRoberto Luis Stevenson ; [traducción, María Durante] |
| 260 | 1 |
_aMadrid _bEl país _c2003 |
|
| 300 |
_a269 p. _c19 cm |
||
| 490 |
_aAventuras _v1 |
||
| 595 | _aTraducción de: Treasure Island | ||
| 650 | 2 | 4 |
_911162 _aNovela inglesa |
| 700 | 1 |
_930767 _aDurante, María |
|
| 942 |
_2ddc _cBK _hahoj |
||
| 999 |
_c22948 _d22948 |
||